01572nam a2200337 i 4500001001000000003000900010005001700019007000300036008004100039020001800080040003000098082002300128100005600151245006200207264005100269300002500320336002700345337003300372338002800405500007400433590002700507650002800534650003000562910004800592942001400640952014700654952014100801952014700942952012801089999001701217000027252DO-SdBNP20231205103352.0ta100804s2010 dr 000 p spa d a9789945469042 aDO-SdBNPbspacBNPHUerda aM861.44bH557p2221 aHernández Valle-Arizpe, Claudia de,d1963-95430510aPerros muy azules /cClaudia Hernández de Valle-Arizpe  1aSanto Domingo :bMinisterio de Cultura,c2010. a93 páginasc23 cm. 2rdacontentatextobtxt 2rdamediaasin mediaciónbn 2rdacarrieravolumenbnc aIncluye datos biografícos de la autora en la solapa de la portada.  aInventariado, 2023/ YL 4aPoesía mexicana99120 4aLiteratura mexicana91922 aYLockward/ Validado. Control de calidad MFF 2ddccLBS1 00102ddc56708DSaBNPHUbBNPHUcHDd2011-03-30l0oBNPHU DS M861.44 H557pp27252-30r2020-06-25te. 3w2020-06-25yLBS1ZPréstamo en sala 00102ddc51708PDaBNPHUbBNPHUcHDd2011-03-30l0oBNPHU PD M861.44 H557pp27252-10r2020-06-25w2020-06-25yLBS1ZPréstamo en sala 00102ddc51708PDaBNPHUbBNPHUcHDd2011-03-30l0oBNPHU PD M861.44 H557pp27252-20r2020-06-25te. 2w2020-06-25yLBS1ZPréstamo en sala 00102ddc56708DSaBNPHUbBNPHUcHDd2011-03-30l0oBNPHU DS M861.44 H557pp2023-8241r2023-12-05te. 4w2020-06-25yLBS1 c26744d26744